000 01679nam0a22003731 4500
001 RU\NLR\Evr\9494
005 20251202160538.0
035 _a(NLR Aleph) 011425867
090 _a11627269
_c11627269
100 _a20160425d1930 u y0rusy50 ca
101 0 _ayid
102 _aRU
105 _ay |||||||||
200 1 _6a01
_7ba
_aAfn shvel fun dritn yor funem finfyor
_eVos hot bashtimt der XVI tsuzamenfor fun AlKP(b) vegn der industrie
_fA.F. Khavin
210 _6a01
_aMoskve
_cEmes
_d1930
_7ba
210 _6a01
_9z02
_aמאָסקווע
_cעמעס
_d1930
210 _9z02
_aМосква
_cЭмес
_d1930
_7ca
215 _a56 с.
_d19 см.
225 1 _6a01
_7ba
_aXVI Partay-Tsuzamenfor
225 1 _6a01
_7ha
_9z02
_a16פּארטיי-צוזאמענפאָר
225 1 _aXVI Партийный Съезд
_7ca
_9z02
300 _aНазвание серии указано только на обложке
510 1 _6a01
_aאפן שוועל פון דריטן יאָר פונעם פינפיאָר
_eוואָס האָט באשטימט דער 16 צוזאמענפאָר פון אלקפּ(ב) וועגן דער אינדוסטרע
_fא.פ. כאווין
541 1 _aНа пороге третьего года пятилетки
_eЧто решил XVI съезд ВКП(б) об индустрии
_zrus
700 1 _6a01
_aХавин
_bА.Ф.
_f1896-1969
_gАбрам Фишелевич
_3RU\NLR\AUTH\7959088
_4070
_7ca
801 0 _aRU
_bNLR
_c20160425
_gpsbo
801 0 _aRU
_bNLR
_gPSBO
801 1 _aRU
_bNLR
_c20160425
_2rusmarc
801 2 _aRU
_bNLR
_c20160902
_2rusmarc
852 _aNLR
_bОЛСАА/идиш
_j2-728
942 _cBOOK
980 _aNB
980 1 _aIDISH